| 000 | 00642nam a2200193 i 4500 | ||
|---|---|---|---|
| 001 | 65560 | ||
| 003 | ES-MaACL | ||
| 007 | t| | ||
| 008 | 040115s1973 sp ||||1| spa d | ||
| 100 | 1 |
_aFriedrich, Carl Joachim. _952646 |
|
| 245 | 1 | 0 |
_aEuropa _b: el surgimiento de una Nación / _cCarl J. Friedrich ; [traductor, Rafael Mazarrasa Martín-Artajo]. |
| 260 |
_aMadrid : _bAlianza, _c[1973] |
||
| 300 |
_a287 p. ; _c18 cm. |
||
| 490 | 1 |
_aEl libro de bolsillo ; _v465 |
|
| 700 | 1 |
_aMazarrasa Martín-Artajo, Rafael. _979463 |
|
| 830 | 0 | 3 |
_aEl libro de bolsillo _v465 _9177802 |
| 852 |
_aES-MaACL _jE-7153 _bR.91686 |
||
| 999 |
_c65560 _d65560 |
||